000 00751nam a22002057a 4500
999 _c12934
_d12934
003 AR-CdUCM
008 190410b ||||| |||| 00| 0 spa d
040 _aMUNICIPALIDAD PROVINCIAL DEL CUSCO
_cBIBLIOTECA MUNICIPAL DEL CUSCO
082 _aC / 370.985 /
_bV32
100 _aVasquez, Emilio
_916338
245 _aNegación de la escuela Peruana /
260 _aPuno :
_bFournier,
_c1935.
300 _a187 páginas ;
_c20 cm.
505 _aLos fines de la educación peruana -- La estadística como base educacional -- Los programas escolares -- centralismo y educación...
650 _aEducación.
_9460
650 _aProgramas escolares.
_98916
650 _aCentralismo educacional.
_931071
942 _2ddc
_cLIBROS
945 _awfj
_d2019-04-10